00465nam a2200157 i 450000100060000000300090000600700030001500800410001824500800005926000350013930000220017449000280019670000230022483000280024785200320027550910ES-MaACLt|030807s1983 sp ||||1| spa d00aCuentos folklóricos en la España del Siglo de Oro / cMaxime Chevalier. aMadrid : bCrítica, c[1983] a452 p. ; c20 cm.1 aLecturas de filología1 aChevalier, Maxime.0 aLecturas de filología aES-MaACLjL-6252 bR.106959